Name the Dune Characters - Statistics

General Stats
  • This quiz has been taken 871 times
  • The average score is 11 of 16
Answer Stats
Hint Answer % Correct
The first Kwisatz Haderach and the last Duke of House Atreides Paul Atreides
99%
Fremen Concubine to Maud'dib and mother to his children Chani Kynes
88%
Duke Leto's concubine and a Reverend Mother of the Bene Gesserit Sisterhood Jessica Atriedes
88%
Sword master in the service of House Atreides Duncan Idaho
82%
Succeeded his uncle as the final Baron of House Harkonnen Feyd-Rautha Harkonnen
78%
The "Red Duke" who was leader of Caladan and Arakis Leto Atreides I
78%
Fremen who was the Naib of Sietch Tabr Stilgar
76%
Skilled baliset player and war master of House Atreides Gurney Halleck
75%
Gluttonous leader who orchestrated the demise of Leto Atriedes Vladimir Harkonnen
71%
Paul Atreides Wife, and historian of his life Irulan Corrino
68%
Regent of the Atreides Empire born as an "Abomination" Alia Atreides
54%
Mentat and Master of Assassins for House Atreides Thufir Hawat
52%
Emperor of the known universe who grants control of Arakis to the Artiedes Shaddam Corrino IV
51%
Suk doctor who betrays the Atriedes to save his wife Wellington Yueh
51%
Bene Gesserit Reverend Mother who tests Paul with the gom jabbar Gaius Helen Mohiam
42%
Harkonnen Mentat Piter De Vries
40%
No matching quizzes found
Score Distribution
Percent of People with Each Score
Percentile by Number Answered
Your Score History
You have not taken this quiz